[Event "Erfurt op-B 29th"]
[Site "Erfurt"]
[Date "2019.12.30"]
[Round "8"]
[White "Haugk, Franko"]
[Black "Heinrich, John"]
[Result "1/2-1/2"]
[WhiteElo "1917"]
[BlackElo "1742"]
[PlyCount "20"]
[EventDate "2019.12.26"]
[EventType "swiss"]
[EventRounds "8"]
[EventCountry "GER"]
[SourceTitle "EXT 2021"]
[Source "ChessBase"]
[SourceDate "2020.10.23"]
[SourceVersion "1"]
[SourceVersionDate "2020.10.23"]
[SourceQuality "1"]

1. d4 d5 2. Nf3 Nf6 3. g3 g6 4. Bg2 Bg7 5. 0-0 0-0 6. e3 e6 7. Bd2 Bd7 8. Nc3 Nc6 9. a3 a6 10. Re1 Re8 1/2-1/2

[Event "Erfurt op-B 29th"]
[Site "Erfurt"]
[Date "2019.12.28"]
[Round "4"]
[White "Haugk, Franko"]
[Black "Delgado, Robin"]
[Result "1-0"]
[WhiteElo "1917"]
[BlackElo "1803"]
[PlyCount "73"]
[EventDate "2019.12.26"]
[EventType "swiss"]
[EventRounds "8"]
[EventCountry "GER"]
[SourceTitle "EXT 2021"]
[Source "ChessBase"]
[SourceDate "2020.10.23"]
[SourceVersion "1"]
[SourceVersionDate "2020.10.23"]
[SourceQuality "1"]

1. d4 Nf6 2. Nf3 e6 3. g3 b6 4. Bg2 Bb7 5. 0-0 Be7 6. c4 0-0 7. Nc3 Ne4 8. Qc2 Nxc3 9. bxc3 f5 10. a4 a5 11. Qb3 Be4 12. d5 Na6 13. Be3 Nc5 14. Qa2 Qe8 15. Nd4 Bxg2 16. Kxg2 e5 17. Nb5 Bd6 18. Bxc5 bxc5 19. Nxd6 cxd6 20. Rab1 f4 21. Qc2 e4 22. f3 e3 23. Rb7 Rf6 24. Rfb1 g5 25. g4 h5 26. h3 Kg7 27. Qe4 Qd8 28. gxh5 Kh6 29. Kh2 Rc8 30. Rg1 Qe8 31. Qxe8 Rxe8 32. Rxd7 Rb8 33. h4 gxh4 34. Kh3 Kxh5 35. Rh7+ Rh6 36. Rhg7 Rf6 37. R7g4 1-0

[Event "Erfurt op-B 29th"]
[Site "Erfurt"]
[Date "2019.12.26"]
[Round "1"]
[White "Guelsdorff, Florian"]
[Black "Haugk, Franko"]
[Result "1/2-1/2"]
[WhiteElo "1704"]
[BlackElo "1917"]
[PlyCount "69"]
[EventDate "2019.12.26"]
[EventType "swiss"]
[EventRounds "8"]
[EventCountry "GER"]
[SourceTitle "EXT 2021"]
[Source "ChessBase"]
[SourceDate "2020.10.23"]
[SourceVersion "1"]
[SourceVersionDate "2020.10.23"]
[SourceQuality "1"]

1. d4 Nf6 2. Nf3 e6 3. Bg5 h6 4. Bh4 d5 5. e3 c5 6. Be2 Qb6 7. b3 Nbd7 8. h3 Ne4 9. 0-0 Bd6 10. dxc5 Bxc5 11. Nd4 0-0 12. c4 g5 13. f3 Nd6 14. Bf2 dxc4 15. bxc4 e5 16. Nc2 Nf5 17. Qc1 Nf6 18. Nc3 Be6 19. Na4 Qc7 20. Nxc5 Qxc5 21. e4 Nd4 22. Nxd4 exd4 23. Bd3 Nh5 24. Rd1 Rfd8 25. Rb1 Nf4 26. Bf1 Rd7 27. Rb5 Qc6 28. Rxd4 Rad8 29. Rxd7 Rxd7 30. Bxa7 Qa6 31. Be3 Qa4 32. Bxf4 Rd1 33. Rb4 Rxf1+ 34. Kxf1 Qxb4 35. Bd2 1/2-1/2

[Event "Siebenlehn op 13th"]
[Site "Siebenlehn"]
[Date "2012.12.27"]
[Round "2"]
[White "Farago, Ivan"]
[Black "Haugk, Franko"]
[Result "1-0"]
[WhiteElo "2481"]
[BlackElo "1974"]
[PlyCount "73"]
[EventDate "2012.12.27"]
[EventType "swiss"]
[EventRounds "7"]
[EventCountry "GER"]
[SourceTitle "EXT 2014"]
[Source "ChessBase"]
[SourceDate "2013.11.20"]
[SourceVersion "1"]
[SourceVersionDate "2013.11.20"]
[SourceQuality "1"]

1. d4 Nf6 2. c4 c5 3. d5 d6 4. Nc3 e5 5. e4 g6 6. Be2 Bg7 7. h4 h5 8. Nh3 a6 9. Ng5 Bg4 10. f3 Bd7 11. a3 Qc8 12. Be3 b6 13. b4 Ra7 14. Rb1 0-0 15. bxc5 bxc5 16. Qb3 Rd8 17. Qb6 Qc7 18. Qxc7 Rxc7 19. Rb6 Be8 20. Kd2 Bf8 21. Rhb1 Nfd7 22. R6b2 Be7 23. g3 Rcc8 24. Rb7 Bxg5 25. Bxg5 f6 26. Be3 Nf8 27. R1b6 Nbd7 28. Rxd6 Ra8 29. Bf1 Rdb8 30. Rxb8 Rxb8 31. Kc2 Ra8 32. Bh3 Kf7 33. Rc6 Ke7 34. Bxd7 Nxd7 35. Bxc5+ Nxc5 36. Rxc5 Kd6 37. Ra5 1-0

[Event "Siebenlehn op 12th"]
[Site "Siebenlehn"]
[Date "2011.12.28"]
[Round "3"]
[White "Eperjesi, Laszlo"]
[Black "Haugk, Franko"]
[Result "1-0"]
[WhiteElo "2192"]
[BlackElo "1990"]
[PlyCount "81"]
[EventDate "2011.12.27"]
[EventType "swiss"]
[EventRounds "7"]
[EventCountry "GER"]
[SourceTitle "EXT 2013"]
[Source "ChessBase"]
[SourceDate "2012.11.22"]
[SourceVersion "1"]
[SourceVersionDate "2012.11.22"]
[SourceQuality "1"]

1. d4 Nf6 2. Nf3 e6 3. c4 b6 4. g3 Bb7 5. Bg2 Be7 6. 0-0 0-0 7. Nc3 d5 8. Ne5 Nfd7 9. cxd5 Nxe5 10. dxe5 exd5 11. Nxd5 c6 12. Nxe7+ Qxe7 13. Qd6 Qxd6 14. exd6 Nd7 15. Bf4 h6 16. h4 a5 17. Rac1 Rac8 18. Rfd1 Ba8 19. Bh3 Rfd8 20. e4 c5 21. e5 Bc6 22. a3 a4 23. e6 fxe6 24. Bxe6+ Kh8 25. Re1 Ra8 26. g4 Rf8 27. Bg3 Rae8 28. g5 h5 29. f4 Ra8 30. f5 Ra5 31. Rcd1 c4 32. f6 gxf6 33. gxf6 c3 34. bxc3 Nxf6 35. d7 Nxd7 36. Bxd7 Bf3 37. Rd3 Bd5 38. Re8 Rxe8 39. Bxe8 Bc4 40. Rd4 Ba6 41. Rxa4 1-0

[Event "Schneeberger op 11th"]
[Site "Schneeberg"]
[Date "2011.04.07"]
[Round "6"]
[White "Eichner, Christian"]
[Black "Haugk, Franko"]
[Result "0-1"]
[WhiteElo "2106"]
[BlackElo "1990"]
[PlyCount "100"]
[EventDate "2011.04.04"]
[EventType "swiss"]
[EventRounds "7"]
[EventCountry "GER"]
[SourceTitle "EXT 2019"]
[Source "ChessBase"]
[SourceDate "2018.10.10"]
[SourceVersion "1"]
[SourceVersionDate "2018.10.10"]
[SourceQuality "1"]

1. e4 c6 2. d4 d5 3. Nc3 dxe4 4. Nxe4 Nf6 5. Qd3 Nxe4 6. Qxe4 Nd7 7. Bc4 Nf6 8. Qd3 g6 9. Nf3 Nd5 10. Bd2 Bg7 11. 0-0-0 0-0 12. Kb1 Bf5 13. Qe2 Qc7 14. Ne5 f6 15. Ng4 Bxg4 16. Qxg4 f5 17. Qh4 e6 18. Rhe1 Rae8 19. Bh6 Qf7 20. Bxg7 Kxg7 21. Rd3 Qf6 22. Qg3 f4 23. Qg4 h5 24. Qe2 Re7 25. Bxd5 cxd5 26. Qe5 Qxe5 27. Rxe5 Rf5 28. h4 Kf6 29. Re2 e5 30. Ra3 a6 31. Rb3 e4 32. a4 g5 33. Rb6+ Kg7 34. g3 gxh4 35. gxh4 Rf6 36. Rb3 Rc7 37. Rh3 Rg6 38. b3 b5 39. a5 Rg1+ 40. Kb2 Rg2 41. Kc1 Kf6 42. c4 Rg1+ 43. Kd2 bxc4 44. Rc3 Kf5 45. bxc4 dxc4 46. Re1 Rxe1 47. Kxe1 Ke6 48. Kd2 Kd5 49. Rc1 Kxd4 50. Rb1 Rc5 0-1

[Event "Schneeberger op 11th"]
[Site "Schneeberg"]
[Date "2011.04.06"]
[Round "5"]
[White "Haugk, Franko"]
[Black "Kuenne, Lutz Dieter"]
[Result "1-0"]
[WhiteElo "1990"]
[BlackElo "1633"]
[PlyCount "91"]
[EventDate "2011.04.04"]
[EventType "swiss"]
[EventRounds "7"]
[EventCountry "GER"]
[SourceTitle "EXT 2019"]
[Source "ChessBase"]
[SourceDate "2018.10.10"]
[SourceVersion "1"]
[SourceVersionDate "2018.10.10"]
[SourceQuality "1"]

1. d4 Nf6 2. Nf3 e6 3. e3 c5 4. Be2 b6 5. 0-0 Bb7 6. c4 Qc7 7. Nc3 a6 8. Nd2 cxd4 9. exd4 d5 10. Bf3 dxc4 11. Bxb7 Qxb7 12. Nxc4 Be7 13. Bf4 0-0 14. Rc1 Rd8 15. Ne2 Nd5 16. Be5 Nd7 17. Bg3 N7f6 18. Qd3 Nb4 19. Qb1 b5 20. Na5 Qd7 21. Rc7 Qe8 22. Nb7 Nbd5 23. Nxd8 Nxc7 24. Nxf7 Qxf7 25. Bxc7 Rc8 26. Bg3 Rc6 27. Rc1 Qe8 28. h3 Nd5 29. Rxc6 Qxc6 30. Qe4 Nb4 31. Qxc6 Nxc6 32. Be5 Nb4 33. Nc1 Nc6 34. Kf1 Bf6 35. Bxf6 gxf6 36. Ne2 Kf7 37. a3 Ke7 38. Ke1 Kd6 39. Kd2 a5 40. Kd3 e5 41. f4 exd4 42. Nxd4 Nxd4 43. Kxd4 h6 44. b4 a4 45. g4 Kc6 46. h4 1-0

[Event "Schneeberger op 11th"]
[Site "Schneeberg"]
[Date "2011.04.05"]
[Round "3"]
[White "Haugk, Franko"]
[Black "Opitz, Frank"]
[Result "1-0"]
[WhiteElo "1990"]
[BlackElo "1975"]
[PlyCount "123"]
[EventDate "2011.04.04"]
[EventType "swiss"]
[EventRounds "7"]
[EventCountry "GER"]
[SourceTitle "EXT 2019"]
[Source "ChessBase"]
[SourceDate "2018.10.10"]
[SourceVersion "1"]
[SourceVersionDate "2018.10.10"]
[SourceQuality "1"]

1. d4 d5 2. Nf3 Nc6 3. c4 e5 4. Nxe5 Nxe5 5. dxe5 d4 6. g3 Be6 7. Bg2 c6 8. b3 Qa5+ 9. Nd2 Bb4 10. a3 Bc3 11. Ra2 Qxe5 12. 0-0 Nf6 13. Nf3 Qh5 14. e3 dxe3 15. Bxe3 Bg4 16. Qd6 Rd8 17. Qf4 0-0 18. Bxa7 Rfe8 19. Bb6 Rd7 20. Qc1 Bxf3 21. Qxc3 Bxg2 22. Kxg2 Rde7 23. Bd4 Ne4 24. Qf3 Qxf3+ 25. Kxf3 Rd7 26. Be3 Rd3 27. b4 Nd2+ 28. Rxd2 Rexe3+ 29. fxe3 Rxd2 30. Rf2 Rd3 31. Ra2 Rc3 32. c5 Kf8 33. Ke2 Ke7 34. Kf3 f5 35. Kf4 Ke6 36. Kf3 g5 37. Rd2 Rxa3 38. Rd6+ Ke5 39. Rd7 g4+ 40. Ke2 Ra2+ 41. Kd3 Rxh2 42. Re7+ Kd5 43. Rd7+ Ke6 44. Rxb7 Rh3 45. Kd4 Rh1 46. Rc7 Rd1+ 47. Kc3 Rd7 48. Rxc6+ Kd5 49. Rf6 Ke5 50. Rf8 Re7 51. Kc4 Ke4 52. c6 h5 53. b5 h4 54. b6 hxg3 55. b7 g2 56. b8Q Re5 57. Qb1+ Kxe3 58. Qg1+ Kf3 59. c7 Re4+ 60. Kd3 f4 61. c8Q Re1 62. Qc6+ 1-0

[Event "Plzen op 2nd"]
[Site "Plzen"]
[Date "2010.12.10"]
[Round "8"]
[White "Suder, Ryszard"]
[Black "Haugk, Franko"]
[Result "1-0"]
[WhiteElo "2237"]
[BlackElo "1934"]
[PlyCount "89"]
[EventDate "2010.12.04"]
[EventType "swiss"]
[EventRounds "9"]
[EventCountry "CZE"]
[SourceTitle "CBM 139 Extra"]
[Source "ChessBase"]
[SourceDate "2011.01.05"]
[SourceVersion "1"]
[SourceVersionDate "2011.01.05"]
[SourceQuality "1"]

1. e4 c6 2. d3 e5 3. Nf3 d6 4. g3 Be7 5. Bg2 Nf6 6. 0-0 0-0 7. a4 h6 8. Nc3 Bg4 9. h3 Be6 10. Be3 c5 11. Nd2 d5 12. exd5 Nxd5 13. Nxd5 Bxd5 14. Bxd5 Qxd5 15. Qg4 f5 16. Qc4 Qxc4 17. Nxc4 Nc6 18. f4 exf4 19. Bxf4 Nb4 20. Rae1 Bf6 21. Re2 Rae8 22. Rfe1 Rxe2 23. Rxe2 g5 24. Bd6 Rc8 25. Kf1 Kf7 26. Ke1 b6 27. Kd2 Nd5 28. c3 Rd8 29. Be5 Be7 30. d4 Kg6 31. Ke1 f4 32. Kf2 fxg3+ 33. Kxg3 cxd4 34. Bxd4 Kf5 35. Re5+ Kg6 36. Re6+ Kh7 37. Kg4 h5+ 38. Kf5 Re8 39. Re1 Nf4 40. Bf6 Ng6 41. Bxe7 Nh4+ 42. Kf6 Nf3 43. Rf1 g4 44. hxg4 hxg4 45. Kf7 1-0

[Event "Plzen op 2nd"]
[Site "Plzen"]
[Date "2010.12.07"]
[Round "4"]
[White "Bartos, Jan"]
[Black "Haugk, Franko"]
[Result "0-1"]
[WhiteElo "2194"]
[BlackElo "1934"]
[PlyCount "70"]
[EventDate "2010.12.04"]
[EventType "swiss"]
[EventRounds "9"]
[EventCountry "CZE"]
[SourceTitle "CBM 139 Extra"]
[Source "ChessBase"]
[SourceDate "2011.01.05"]
[SourceVersion "1"]
[SourceVersionDate "2011.01.05"]
[SourceQuality "1"]

1. d4 Nf6 2. Nf3 e6 3. e3 Be7 4. Bd3 d5 5. 0-0 0-0 6. b3 Nbd7 7. Bb2 Re8 8. Ne5 Nf8 9. Nd2 Bd7 10. f4 c6 11. Rf3 Bc8 12. Rh3 g6 13. Qf3 Kg7 14. Qg3 Bd6 15. Ndf3 Bxe5 16. fxe5 Ng8 17. Rf1 h6 18. Ba3 Nh7 19. Bd6 b6 20. Qg4 a5 21. Rg3 Ra7 22. Nd2 Kh8 23. h4 h5 24. Qf4 Kg7 25. Be2 Nh6 26. e4 Ba6 27. c4 a4 28. Bxh5 dxe4 29. Qxe4 Nf5 30. Rg4 Kh8 31. Bxg6 fxg6 32. Rxg6 Rg8 33. Rxe6 Ng3 34. Qxc6 Nxf1 35. Nf3 Bb7 0-1

[Event "Plzen op 2nd"]
[Site "Plzen"]
[Date "2010.12.07"]
[Round "5"]
[White "Haugk, Franko"]
[Black "Golcman, Evgeny"]
[Result "0-1"]
[WhiteElo "1934"]
[BlackElo "2290"]
[PlyCount "64"]
[EventDate "2010.12.04"]
[EventType "swiss"]
[EventRounds "9"]
[EventCountry "CZE"]
[SourceTitle "CBM 139 Extra"]
[Source "ChessBase"]
[SourceDate "2011.01.05"]
[SourceVersion "1"]
[SourceVersionDate "2011.01.05"]
[SourceQuality "1"]

1. d4 f5 2. c4 Nf6 3. Nc3 g6 4. Nf3 Bg7 5. e3 0-0 6. Be2 d6 7. 0-0 Nc6 8. a3 a5 9. Nd2 e5 10. d5 Ne7 11. e4 f4 12. b3 g5 13. Bb2 g4 14. b4 Ng6 15. c5 h5 16. cxd6 cxd6 17. Nc4 axb4 18. axb4 Rxa1 19. Bxa1 Rf7 20. Bd3 Bf8 21. Re1 Nh7 22. Bf1 Ng5 23. Bb2 h4 24. Bc1 h3 25. Kh1 hxg2+ 26. Bxg2 f3 27. Bf1 Nf4 28. Be3 Rh7 29. Qd2 Ngh3 30. Nb5 Qh4 31. Nbxd6 Nxf2+ 32. Qxf2 g3 0-1

[Event "Plzen op 2nd"]
[Site "Plzen"]
[Date "2010.12.06"]
[Round "3"]
[White "Haugk, Franko"]
[Black "Karhanek, Pavel"]
[Result "1-0"]
[WhiteElo "1934"]
[BlackElo "2123"]
[PlyCount "77"]
[EventDate "2010.12.04"]
[EventType "swiss"]
[EventRounds "9"]
[EventCountry "CZE"]
[SourceTitle "CBM 139 Extra"]
[Source "ChessBase"]
[SourceDate "2011.01.05"]
[SourceVersion "1"]
[SourceVersionDate "2011.01.05"]
[SourceQuality "1"]

1. d4 d5 2. Nf3 Nf6 3. e3 c6 4. c4 a6 5. Bd3 g6 6. Nbd2 Bg7 7. 0-0 Bf5 8. Bxf5 gxf5 9. Qb3 Qc7 10. Qc2 e6 11. cxd5 Nxd5 12. Nb3 Nd7 13. Bd2 a5 14. a4 N7f6 15. Nc5 Bf8 16. e4 fxe4 17. Nxe4 Nxe4 18. Qxe4 Bd6 19. Bg5 Be7 20. Bh6 0-0-0 21. Ne5 f5 22. Qe2 Rhg8 23. Nd3 Rg6 24. Bd2 Rdg8 25. g3 Bd6 26. Ne5 Bxe5 27. Qxe5 Qxe5 28. dxe5 h5 29. Bxa5 h4 30. Ra3 f4 31. Be1 Rg5 32. Kh1 hxg3 33. fxg3 Ne3 34. gxf4 Nxf1 35. fxg5 Rxg5 36. Rf3 Rf5 37. Rxf5 exf5 38. h4 Kd7 39. h5 1-0